[Event "C10"]
[Site "?"]
[Date "2020.08.30"]
[Round "12.2"]
[White "Sowinski, Pawel"]
[Black "Zmarzly, Wiktor"]
[Result "1/2-1/2"]
[BlackElo "1253"]
[WhiteElo "1527"]
[LiveChessVersion "1.4.8"]

1. Nf3 {[%clk 0:03:04]} d5 {[%clk 0:03:00]} 2. d4 {[%clk 0:03:03]} Nf6
{[%clk 0:02:56]} 3. g3 {[%clk 0:03:04]} g6 {[%clk 0:02:55]} 4. Bg2
{[%clk 0:03:05]} Bg7 {[%clk 0:02:56]} 5. O-O {[%clk 0:03:05]} O-O
{[%clk 0:02:56]} 6. c4 {[%clk 0:03:01]} c6 {[%clk 0:02:54]} 7. Nc3
{[%clk 0:03:02]} e6 {[%clk 0:02:44]} 8. Re1 {[%clk 0:02:58]} Nbd7
{[%clk 0:02:22]} 9. Bf4 {[%clk 0:02:53]} Re8 {[%clk 0:01:48]} 10. Rc1
{[%clk 0:02:36]} Nh5 {[%clk 0:01:34]} 11. Bg5 {[%clk 0:02:21]} f6
{[%clk 0:01:25]} 12. Bd2 {[%clk 0:02:21]} f5 {[%clk 0:01:25]} 13. b3
{[%clk 0:02:05]} Nhf6 {[%clk 0:01:23]} 14. Bg5 h6 {[%clk 0:01:15]} 15. Bxf6
{[%clk 0:01:43]} Nxf6 {[%clk 0:01:15]} 16. Ne5 {[%clk 0:01:42]} Kh7
{[%clk 0:01:02]} 17. f3 {[%clk 0:01:24]} Nd7 {[%clk 0:00:54]} 18. f4
{[%clk 0:01:18]} Nf6 {[%clk 0:00:49]} 19. e3 {[%clk 0:01:17]} Ne4
{[%clk 0:00:48]} 20. Nxe4 {[%clk 0:01:13]} fxe4 {[%clk 0:00:47]} 21. Qg4
{[%clk 0:01:11]} Bxe5 {[%clk 0:00:45]} 22. fxe5 {[%clk 0:01:10]} Rf8
{[%clk 0:00:37]} 23. Rf1 {[%clk 0:01:11]} Bd7 {[%clk 0:00:37]} 24. cxd5
{[%clk 0:00:54]} cxd5 {[%clk 0:00:31]} 25. Qe2 {[%clk 0:00:53]} a6
{[%clk 0:00:32]} 26. a4 {[%clk 0:00:49]} Rc8 {[%clk 0:00:30]} 27. Bh3
{[%clk 0:00:44]} Rxf1+ {[%clk 0:00:26]} 28. Qxf1 {[%clk 0:00:44]} Rxc1
{[%clk 0:00:24]} 29. Qxc1 {[%clk 0:00:44]} Qb6 {[%clk 0:00:25]} 30. Qc3
{[%clk 0:00:43]} Kg7 {[%clk 0:00:22]} 1/2-1/2

[Event "C10"]
[Site "?"]
[Date "2020.08.30"]
[Round "12.3"]
[White "Kaszuba, Michal"]
[Black "Wojtacha, Krzysztof"]
[Result "1-0"]
[BlackElo "1445"]
[WhiteElo "1167"]
[LiveChessVersion "1.4.8"]

1. e4 {[%clk 0:03:02]} c5 {[%clk 0:03:04]} 2. f4 {[%clk 0:03:04]} e6
{[%clk 0:03:01]} 3. Nf3 {[%clk 0:03:05]} d5 {[%clk 0:03:02]} 4. Bb5+
{[%clk 0:03:06]} Bd7 {[%clk 0:03:01]} 5. Bxd7+ {[%clk 0:03:06]} Nxd7
{[%clk 0:03:00]} 6. e5 {[%clk 0:03:07]} Nb6 {[%clk 0:02:57]} 7. d3
{[%clk 0:03:08]} d4 {[%clk 0:02:57]} 8. O-O {[%clk 0:03:07]} Nd5 {[%clk 0:02:56]}
9. c3 {[%clk 0:02:59]} dxc3 {[%clk 0:02:52]} 10. bxc3 {[%clk 0:03:00]} Nge7
{[%clk 0:02:51]} 11. a3 {[%clk 0:03:00]} g6 {[%clk 0:02:49]} 12. c4
{[%clk 0:02:50]} Nc7 {[%clk 0:02:45]} 13. Be3 {[%clk 0:02:45]} b6
{[%clk 0:02:46]} 14. Nc3 {[%clk 0:02:37]} Bg7 {[%clk 0:02:36]} 15. Ne4
{[%clk 0:02:36]} O-O {[%clk 0:02:30]} 16. Nd6 {[%clk 0:02:08]} Nf5
{[%clk 0:02:27]} 17. Nxf5 {[%clk 0:02:07]} exf5 {[%clk 0:02:26]} 18. Qe1
{[%clk 0:02:00]} Qxd3 {[%clk 0:02:19]} 19. Rd1 {[%clk 0:00:24]} Qxc4
{[%clk 0:02:17]} 20. Qh4 {[%clk 0:00:14]} Nd5 {[%clk 0:02:13]} 21. Rfe1
{[%clk 0:00:05]} Nxe3 {[%clk 0:02:05]} 22. Rxe3 {[%clk 0:00:06]} Rfe8
{[%clk 0:01:44]} 23. Ng5 {[%clk 0:00:06]} h6 {[%clk 0:01:43]} 24. Nf3
{[%clk 0:00:08]} f6 {[%clk 0:01:14]} 25. Qg3 {[%clk 0:00:08]} Kh7
{[%clk 0:01:09]} 26. Rde1 {[%clk 0:00:07]} fxe5 {[%clk 0:01:05]} 27. fxe5
{[%clk 0:00:08]} f4 {[%clk 0:01:01]} 28. Qg4 {[%clk 0:00:08]} h5 {[%clk 0:00:46]}
29. Qh4 {[%clk 0:00:09]} Qf7 {[%clk 0:00:38]} 30. Ng5+ {[%clk 0:00:10]} Kg8
{[%clk 0:00:37]} 31. Nxf7 Kxf7 {[%clk 0:00:37]} 32. Qxf4+ {[%clk 0:00:12]} Kg8
{[%clk 0:00:38]} 33. Kh1 {[%clk 0:00:11]} Kh7 34. e6 {[%clk 0:00:12]} Bh6
{[%clk 0:00:40]} 35. Qf3 {[%clk 0:00:13]} Bxe3 {[%clk 0:00:40]} 36. Rxe3
{[%clk 0:00:14]} Rad8 {[%clk 0:00:39]} 37. Qf7+ {[%clk 0:00:14]} Kh6 38. h3
{[%clk 0:00:15]} Rf8 {[%clk 0:00:38]} 39. Qxa7 {[%clk 0:00:07]} Rd1+
{[%clk 0:00:36]} 40. Kh2 {[%clk 0:00:08]} h4 {[%clk 0:00:35]} 41. Rf3
{[%clk 0:00:07]} Re8 {[%clk 0:00:34]} 42. Qf7 {[%clk 0:00:07]} Red8
{[%clk 0:00:31]} 43. Qf4+ {[%clk 0:00:08]} Kg7 {[%clk 0:00:30]} 44. Qf6+
{[%clk 0:00:08]} Kh7 {[%clk 0:00:31]} 45. e7 {[%clk 0:00:09]} R8d6
{[%clk 0:00:25]} 46. Qxh4+ {[%clk 0:00:08]} Kg7 47. e8=R g5 {[%clk 0:00:16]} 48.
Qxg5+ {[%clk 0:00:05]} Rg6 {[%clk 0:00:17]} 49. Re7+ {[%clk 0:00:06]} Kh8
{[%clk 0:00:15]} 50. Rf8+ {[%clk 0:00:07]} Rg8 {[%clk 0:00:15]} 51. Rxg8#
{[%clk 0:00:08]} 1-0

[Event "C10"]
[Site "?"]
[Date "2020.08.30"]
[Round "12.5"]
[White "Jasiulewicz, Kamil"]
[Black "Rozanski, Mateusz"]
[Result "0-1"]
[BlackElo "1343"]
[WhiteElo "1381"]
[LiveChessVersion "1.4.8"]

1. d4 {[%clk 0:03:02]} f5 {[%clk 0:03:01]} 2. c4 {[%clk 0:03:01]} Nf6
{[%clk 0:03:02]} 3. Nc3 {[%clk 0:02:58]} g6 {[%clk 0:03:03]} 4. Nf3
{[%clk 0:02:56]} Bg7 {[%clk 0:03:04]} 5. b3 {[%clk 0:02:56]} d6 {[%clk 0:03:04]}
6. Bb2 {[%clk 0:02:57]} O-O {[%clk 0:03:04]} 7. e3 {[%clk 0:02:57]} Nc6
{[%clk 0:03:04]} 8. d5 {[%clk 0:02:57]} Ne5 {[%clk 0:03:04]} 9. Nd4
{[%clk 0:02:50]} c5 {[%clk 0:02:56]} 10. Nf3 {[%clk 0:02:23]} Neg4
{[%clk 0:02:40]} 11. Bd3 {[%clk 0:02:18]} Ne4 {[%clk 0:02:31]} 12. Bxe4
{[%clk 0:01:54]} fxe4 {[%clk 0:02:31]} 13. O-O {[%clk 0:01:38]} exf3
{[%clk 0:02:29]} 14. gxf3 {[%clk 0:01:38]} Ne5 {[%clk 0:02:24]} 15. f4
{[%clk 0:01:35]} Bg4 {[%clk 0:02:19]} 16. Qc1 {[%clk 0:01:21]} Nf3+
{[%clk 0:02:19]} 17. Kg2 {[%clk 0:01:22]} e5 {[%clk 0:02:12]} 18. Rh1
{[%clk 0:01:04]} exf4 {[%clk 0:01:56]} 19. exf4 {[%clk 0:01:04]} Nh4+
{[%clk 0:01:47]} 20. Kf1 {[%clk 0:00:56]} Bh3+ {[%clk 0:01:47]} 21. Ke2
{[%clk 0:00:55]} Re8+ {[%clk 0:01:46]} 22. Kd2 {[%clk 0:00:56]} Nf3+
{[%clk 0:01:42]} 23. Kd1 {[%clk 0:00:47]} Qe7 {[%clk 0:01:33]} 24. Qc2
{[%clk 0:00:44]} Qe1+ {[%clk 0:01:30]} 25. Rxe1 {[%clk 0:00:00]} Rxe1#
{[%clk 0:01:18]} 0-1

[Event "C10"]
[Site "?"]
[Date "2020.08.30"]
[Round "12.6"]
[White "Hartlinski, Tomasz"]
[Black "Dunda, Szymon"]
[Result "1-0"]
[BlackElo "1283"]
[WhiteElo "1124"]
[LiveChessVersion "1.4.8"]

1. e4 {[%clk 0:03:03]} c5 {[%clk 0:03:03]} 2. Nf3 {[%clk 0:03:04]} e6
{[%clk 0:03:04]} 3. d4 {[%clk 0:03:05]} cxd4 {[%clk 0:03:05]} 4. Nxd4
{[%clk 0:03:05]} a6 {[%clk 0:03:06]} 5. Nc3 {[%clk 0:03:06]} Qc7 {[%clk 0:03:07]}
6. Be3 {[%clk 0:02:58]} b5 {[%clk 0:03:05]} 7. Bd3 {[%clk 0:02:57]} Bb7
{[%clk 0:03:06]} 8. O-O {[%clk 0:02:57]} Nf6 {[%clk 0:03:06]} 9. f4
{[%clk 0:02:40]} d6 {[%clk 0:03:06]} 10. Kh1 {[%clk 0:02:30]} Be7
{[%clk 0:03:06]} 11. a4 {[%clk 0:02:19]} b4 {[%clk 0:02:57]} 12. Nce2
{[%clk 0:02:18]} Nxe4 {[%clk 0:02:57]} 13. Bxe4 {[%clk 0:02:11]} Bxe4
{[%clk 0:02:58]} 14. Ng3 {[%clk 0:02:12]} Bb7 {[%clk 0:02:57]} 15. Qg4
{[%clk 0:02:10]} O-O {[%clk 0:02:11]} 16. Nh5 {[%clk 0:02:02]} g6
{[%clk 0:02:08]} 17. f5 {[%clk 0:01:51]} exf5 {[%clk 0:01:38]} 18. Nxf5
{[%clk 0:01:51]} Kh8 {[%clk 0:01:32]} 19. Nxe7 {[%clk 0:01:51]} Qxe7
{[%clk 0:01:32]} 20. Bd4+ {[%clk 0:01:48]} f6 {[%clk 0:01:19]} 21. Nxf6
{[%clk 0:01:32]} Nc6 {[%clk 0:01:07]} 22. Nd5+ {[%clk 0:01:17]} Nxd4
{[%clk 0:00:57]} 23. Nxe7 {[%clk 0:01:17]} Nxc2 {[%clk 0:00:52]} 24. Rxf8+
{[%clk 0:01:00]} Rxf8 {[%clk 0:00:53]} 25. Rc1 {[%clk 0:00:47]} d5
{[%clk 0:00:44]} 26. h3 {[%clk 0:00:45]} Rf7 {[%clk 0:00:34]} 27. Rxc2
{[%clk 0:00:40]} Rxe7 {[%clk 0:00:33]} 28. Qxb4 {[%clk 0:00:39]} Rf7
{[%clk 0:00:30]} 29. Qd6 {[%clk 0:00:32]} Kg7 {[%clk 0:00:26]} 30. Rc7
{[%clk 0:00:32]} Rxc7 {[%clk 0:00:27]} 31. Qxc7+ {[%clk 0:00:33]} Kh6
{[%clk 0:00:28]} 32. Qxb7 {[%clk 0:00:34]} d4 {[%clk 0:00:29]} 33. Qxa6
{[%clk 0:00:35]} d3 {[%clk 0:00:29]} 34. Qxd3 {[%clk 0:00:36]} Kg7
{[%clk 0:00:30]} 35. Qd7+ {[%clk 0:00:36]} Kh6 {[%clk 0:00:31]} 36. g4 Kg5
{[%clk 0:00:30]} 37. Qe7+ {[%clk 0:00:32]} Kh6 {[%clk 0:00:30]} 38. Qf7
{[%clk 0:00:29]} g5 {[%clk 0:00:28]} 39. Qf6# {[%clk 0:00:30]} 1-0

[Event "C10"]
[Site "?"]
[Date "2020.08.30"]
[Round "12.7"]
[White "Wesolowski, Jeremi"]
[Black "Komendecki, Grzegorz"]
[Result "1-0"]
[BlackElo "1154"]
[WhiteElo "1364"]
[LiveChessVersion "1.4.8"]

1. e4 {[%clk 0:03:03]} c5 {[%clk 0:03:03]} 2. Nf3 {[%clk 0:03:04]} g6
{[%clk 0:03:04]} 3. d4 {[%clk 0:03:05]} cxd4 {[%clk 0:03:05]} 4. Nxd4
{[%clk 0:03:07]} Nf6 {[%clk 0:03:05]} 5. Nc3 {[%clk 0:03:07]} Nc6
{[%clk 0:03:06]} 6. Be3 {[%clk 0:03:08]} Bg7 {[%clk 0:03:04]} 7. f3
{[%clk 0:03:10]} O-O {[%clk 0:03:03]} 8. Bc4 {[%clk 0:03:05]} d6 {[%clk 0:02:58]}
9. O-O {[%clk 0:03:04]} Bd7 {[%clk 0:02:55]} 10. Qd2 {[%clk 0:03:03]} a6
{[%clk 0:02:53]} 11. Bh6 {[%clk 0:03:03]} b5 {[%clk 0:02:52]} 12. Nxc6
{[%clk 0:02:57]} Bxc6 {[%clk 0:02:48]} 13. Bxg7 {[%clk 0:02:54]} Kxg7
{[%clk 0:02:49]} 14. Bd5 {[%clk 0:02:55]} Qb6+ {[%clk 0:02:37]} 15. Kh1
{[%clk 0:02:55]} Bxd5 {[%clk 0:02:27]} 16. Nxd5 Nxd5 {[%clk 0:02:09]} 17. Qxd5
{[%clk 0:02:57]} Rac8 {[%clk 0:02:04]} 18. c3 {[%clk 0:02:58]} Rc4
{[%clk 0:01:33]} 19. Rac1 {[%clk 0:02:41]} Rfc8 {[%clk 0:01:33]} 20. Rfd1
{[%clk 0:02:39]} R8c5 {[%clk 0:01:10]} 21. Qd3 {[%clk 0:02:34]} Rc8
{[%clk 0:01:01]} 22. Qd5 {[%clk 0:02:22]} Qc6 {[%clk 0:00:46]} 23. Qxc6
{[%clk 0:01:53]} R8xc6 {[%clk 0:00:46]} 24. Kg1 {[%clk 0:01:54]} b4
{[%clk 0:00:43]} 25. Rd3 {[%clk 0:01:49]} bxc3 {[%clk 0:00:30]} 26. Rdxc3
{[%clk 0:01:50]} Rxc3 {[%clk 0:00:27]} 27. Rxc3 {[%clk 0:01:51]} Rxc3
{[%clk 0:00:26]} 28. bxc3 {[%clk 0:01:53]} Kf6 {[%clk 0:00:27]} 29. Kf2 Ke5
{[%clk 0:00:28]} 30. Ke3 {[%clk 0:01:55]} f5 {[%clk 0:00:20]} 31. f4+
{[%clk 0:01:55]} Ke6 {[%clk 0:00:18]} 32. Kd4 {[%clk 0:01:55]} fxe4
{[%clk 0:00:16]} 33. Kxe4 {[%clk 0:01:56]} Kd7 {[%clk 0:00:08]} 34. g4
{[%clk 0:01:52]} e6 {[%clk 0:00:09]} 35. h4 {[%clk 0:01:52]} Kc6 {[%clk 0:00:08]}
36. f5 {[%clk 0:01:01]} gxf5+ {[%clk 0:00:04]} 37. gxf5 {[%clk 0:01:03]} exf5+
38. Kxf5 Kc5 {[%clk 0:00:06]} 39. Kf6 {[%clk 0:01:05]} Kc4 {[%clk 0:00:07]} 40.
Kg7 {[%clk 0:01:07]} Kxc3 {[%clk 0:00:08]} 41. Kxh7 {[%clk 0:01:08]} d5
{[%clk 0:00:08]} 42. Kg6 {[%clk 0:01:09]} d4 {[%clk 0:00:09]} 43. h5
{[%clk 0:01:11]} d3 {[%clk 0:00:10]} 44. h6 {[%clk 0:01:11]} d2 {[%clk 0:00:10]}
45. h7 {[%clk 0:01:12]} d1=Q {[%clk 0:00:09]} 46. h8=Q+ {[%clk 0:01:13]} Kc2
{[%clk 0:00:09]} 47. Qc8+ {[%clk 0:01:13]} Kb2 {[%clk 0:00:09]} 48. Qb7+
{[%clk 0:00:39]} Kxa2 1-0

[Event "C10"]
[Site "?"]
[Date "2020.08.30"]
[Round "12.8"]
[White "Butkiewicz, Jan"]
[Black "Futyma, Dawid"]
[Result "1-0"]
[BlackElo "1077"]
[WhiteElo "1300"]
[LiveChessVersion "1.4.8"]

1. d4 {[%clk 0:03:03]} Nf6 {[%clk 0:03:02]} 2. c4 {[%clk 0:03:04]} c5
{[%clk 0:03:03]} 3. d5 {[%clk 0:03:03]} b5 {[%clk 0:03:05]} 4. Nc3
{[%clk 0:03:01]} bxc4 {[%clk 0:02:59]} 5. e4 {[%clk 0:03:01]} d6 {[%clk 0:02:58]}
6. Bxc4 {[%clk 0:02:58]} g6 {[%clk 0:02:56]} 7. Nge2 {[%clk 0:02:48]} Bg7
{[%clk 0:02:57]} 8. Bg5 {[%clk 0:02:37]} Nbd7 {[%clk 0:02:56]} 9. f3
{[%clk 0:02:34]} O-O {[%clk 0:02:54]} 10. O-O {[%clk 0:02:32]} Ne5
{[%clk 0:02:43]} 11. b3 {[%clk 0:02:21]} Nxc4 {[%clk 0:02:40]} 12. bxc4
{[%clk 0:02:21]} Ba6 {[%clk 0:02:39]} 13. Qa4 {[%clk 0:02:06]} Bc8
{[%clk 0:02:20]} 14. Rab1 {[%clk 0:01:55]} Bd7 {[%clk 0:02:20]} 15. Qc2
{[%clk 0:01:49]} Rb8 {[%clk 0:02:21]} 16. Qd2 {[%clk 0:01:43]} Re8
{[%clk 0:02:16]} 17. Bh6 {[%clk 0:01:41]} Bh8 {[%clk 0:02:14]} 18. f4
{[%clk 0:01:27]} Qc7 {[%clk 0:02:07]} 19. e5 {[%clk 0:01:07]} dxe5
{[%clk 0:01:52]} 20. fxe5 {[%clk 0:01:01]} Qxe5 {[%clk 0:01:51]} 21. Bf4
{[%clk 0:00:57]} Qh5 {[%clk 0:01:22]} 22. Rxb8 {[%clk 0:00:57]} Rxb8
{[%clk 0:01:12]} 23. Bxb8 {[%clk 0:00:58]} Bg7 {[%clk 0:00:53]} 24. Bf4
{[%clk 0:00:57]} Ng4 {[%clk 0:00:27]} 25. h3 {[%clk 0:00:46]} Nf6
{[%clk 0:00:25]} 26. Bg5 {[%clk 0:00:36]} h6 {[%clk 0:00:15]} 27. Bxf6
{[%clk 0:00:36]} Bxf6 {[%clk 0:00:13]} 28. Ne4 {[%clk 0:00:26]} Bg7
{[%clk 0:00:07]} 29. Nf4 {[%clk 0:00:23]} Qh4 {[%clk 0:00:07]} 30. g3
{[%clk 0:00:22]} Qxh3 {[%clk 0:03:02]} 1-0

[Event "C10"]
[Site "?"]
[Date "2020.08.30"]
[Round "12.9"]
[White "Krogulski, Maksymilian"]
[Black "Krawczyk, Eryk"]
[Result "1-0"]
[BlackElo "1181"]
[WhiteElo "1289"]
[LiveChessVersion "1.4.8"]

1. e4 e5 2. Nf3 {[%clk 0:03:04]} Nc6 {[%clk 0:03:06]} 3. d4 {[%clk 0:03:05]} exd4
{[%clk 0:03:07]} 4. Nxd4 {[%clk 0:03:06]} Nf6 {[%clk 0:03:08]} 5. Nc3
{[%clk 0:03:05]} Bc5 {[%clk 0:03:07]} 6. Nxc6 bxc6 {[%clk 0:03:07]} 7. Bg5
{[%clk 0:03:06]} Be7 {[%clk 0:03:04]} 8. Be2 {[%clk 0:03:06]} O-O
{[%clk 0:03:03]} 9. O-O h6 10. Bh4 {[%clk 0:03:07]} d5 {[%clk 0:02:56]} 11. exd5
{[%clk 0:03:06]} cxd5 {[%clk 0:02:57]} 12. Bf3 {[%clk 0:03:03]} c6
{[%clk 0:02:56]} 13. h3 {[%clk 0:03:01]} Ba6 {[%clk 0:02:53]} 14. Re1
{[%clk 0:03:01]} Nh7 {[%clk 0:02:46]} 15. Bxe7 {[%clk 0:03:00]} Qd7
{[%clk 0:02:38]} 16. Bxf8 {[%clk 0:02:56]} Rxf8 {[%clk 0:02:38]} 17. Bg4
{[%clk 0:02:55]} Qc7 {[%clk 0:02:38]} 18. Qf3 {[%clk 0:02:52]} Rb8
{[%clk 0:02:36]} 19. Qg3 {[%clk 0:02:46]} Qb7 {[%clk 0:02:27]} 20. Na4
{[%clk 0:02:30]} Bb5 {[%clk 0:02:21]} 21. Nc5 {[%clk 0:02:29]} Qc8
{[%clk 0:02:12]} 22. Bxc8 {[%clk 0:02:29]} Rxc8 {[%clk 0:02:12]} 23. Qd6
{[%clk 0:02:27]} Nf8 {[%clk 0:02:11]} 24. a4 {[%clk 0:02:25]} Bxa4
{[%clk 0:02:12]} 25. Rxa4 {[%clk 0:02:26]} Rd8 {[%clk 0:02:12]} 26. Qxd8
{[%clk 0:02:26]} a5 {[%clk 0:02:13]} 27. Re8 {[%clk 0:02:27]} Kh7
{[%clk 0:02:13]} 28. Rxf8 {[%clk 0:02:27]} f5 {[%clk 0:02:12]} 29. Ne6
{[%clk 0:02:23]} d4 {[%clk 0:02:12]} 30. Qe7 {[%clk 0:02:24]} Kg6
{[%clk 0:02:10]} 31. Qxg7+ {[%clk 0:02:22]} Kh5 {[%clk 0:02:10]} 32. g4+
{[%clk 0:02:23]} Kh4 {[%clk 0:02:10]} 33. Qf6+ {[%clk 0:02:22]} Kxh3
{[%clk 0:01:55]} 34. Nf4+ {[%clk 0:02:22]} Kxg4 {[%clk 0:01:51]} 35. Qxf5+
{[%clk 0:02:23]} Kh4 {[%clk 0:01:50]} 36. Ng2# {[%clk 0:02:19]} 1-0

[Event "C10"]
[Site "?"]
[Date "2020.08.30"]
[Round "13.1"]
[White "Suska, Szymon"]
[Black "Sowinski, Pawel"]
[Result "0-1"]
[BlackElo "1527"]
[WhiteElo "1325"]
[LiveChessVersion "1.4.8"]

1. e4 {[%clk 0:03:03]} c5 {[%clk 0:03:04]} 2. Nc3 {[%clk 0:03:04]} Nc6
{[%clk 0:03:03]} 3. f4 g6 {[%clk 0:03:02]} 4. Nf3 {[%clk 0:03:06]} Bg7
{[%clk 0:03:02]} 5. Bb5 {[%clk 0:03:06]} Nd4 {[%clk 0:03:00]} 6. O-O
{[%clk 0:03:01]} a6 {[%clk 0:02:37]} 7. Bd3 {[%clk 0:02:59]} e6 {[%clk 0:02:36]}
8. f5 {[%clk 0:02:48]} d5 {[%clk 0:02:18]} 9. fxg6 {[%clk 0:02:44]} hxg6
{[%clk 0:02:16]} 10. exd5 {[%clk 0:02:29]} exd5 {[%clk 0:02:17]} 11. Ne2
{[%clk 0:02:01]} Bg4 {[%clk 0:01:11]} 12. Qe1 {[%clk 0:01:24]} Nxf3+
{[%clk 0:01:03]} 13. gxf3 {[%clk 0:01:23]} Bh3 {[%clk 0:00:52]} 14. Nf4+
{[%clk 0:01:12]} Ne7 {[%clk 0:00:50]} 15. Nxh3 {[%clk 0:01:10]} Rxh3
{[%clk 0:00:49]} 16. c3 {[%clk 0:00:48]} Qd6 {[%clk 0:00:46]} 17. Rf2
{[%clk 0:00:46]} O-O-O {[%clk 0:00:44]} 18. Bf1 {[%clk 0:00:43]} Rh7
{[%clk 0:00:42]} 19. d4 {[%clk 0:00:42]} cxd4 {[%clk 0:00:41]} 20. cxd4
{[%clk 0:00:43]} Bxd4 {[%clk 0:00:37]} 21. Be3 {[%clk 0:00:43]} Nf5
{[%clk 0:00:31]} 22. Bxd4 {[%clk 0:00:40]} Nxd4 {[%clk 0:00:31]} 23. Qe3
{[%clk 0:00:33]} Nc6 {[%clk 0:00:30]} 24. Rc1 {[%clk 0:00:30]} Rdh8
{[%clk 0:00:28]} 25. f4 {[%clk 0:00:27]} d4 {[%clk 0:00:29]} 26. Qf3
{[%clk 0:00:28]} d3 {[%clk 0:00:26]} 27. Bxd3 {[%clk 0:00:24]} Rh3
{[%clk 0:00:27]} 28. Qg4+ {[%clk 0:00:21]} f5 {[%clk 0:00:26]} 29. Bxf5+
{[%clk 0:00:12]} gxf5 {[%clk 0:00:27]} 30. Qxf5+ {[%clk 0:00:13]} Kb8 31. Qe4
{[%clk 0:00:08]} Rg8+ {[%clk 0:00:27]} 32. Kh1 {[%clk 0:00:08]} Rgh8
{[%clk 0:00:21]} 33. Re1 {[%clk 0:00:08]} Nd4 {[%clk 0:00:21]} 34. Qg2
{[%clk 0:00:06]} Nf5 {[%clk 0:00:21]} 35. Qg4 {[%clk 0:00:06]} Ng3+
{[%clk 0:00:20]} 36. Kg1 {[%clk 0:00:06]} Qc6 {[%clk 0:00:14]} 37. Qf3
{[%clk 0:00:06]} Qxf3 38. Rxf3 {[%clk 0:00:06]} Ne2+ {[%clk 0:00:15]} 39. Kf2
{[%clk 0:00:06]} Rxf3+ {[%clk 0:00:12]} 40. Kxf3 {[%clk 0:00:07]} Nd4+
{[%clk 0:00:14]} 41. Ke3 {[%clk 0:00:06]} Re8+ {[%clk 0:00:14]} 42. Kf2
{[%clk 0:00:07]} Rh8 {[%clk 0:00:14]} 43. Ke3 {[%clk 0:00:09]} Nc2+
{[%clk 0:00:16]} 44. Ke2 {[%clk 0:00:06]} Nxe1 45. Kxe1 {[%clk 0:00:07]} Rxh2
{[%clk 0:00:16]} 46. f5 {[%clk 0:00:08]} Rh5 {[%clk 0:00:16]} 47. f6
{[%clk 0:00:09]} Rf5 {[%clk 0:00:18]} 48. Kd2 {[%clk 0:00:10]} Rxf6
{[%clk 0:00:19]} 49. Kc3 {[%clk 0:00:12]} Kc7 {[%clk 0:00:19]} 50. b3
{[%clk 0:00:11]} b5 {[%clk 0:00:20]} 51. Kb4 {[%clk 0:00:10]} Rf2
{[%clk 0:00:20]} 52. Ka3 {[%clk 0:00:11]} a5 {[%clk 0:00:19]} 53. b4
{[%clk 0:00:09]} axb4+ 54. Kb3 Kb6 {[%clk 0:00:18]} 55. Kxb4 {[%clk 0:00:10]}
Rxa2 {[%clk 0:00:18]} 56. Kb3 {[%clk 0:00:12]} Rh2 {[%clk 0:00:17]} 57. Ka3
{[%clk 0:00:11]} Rh4 {[%clk 0:00:17]} 58. Kb3 {[%clk 0:00:12]} b4
{[%clk 0:00:17]} 59. Kb2 {[%clk 0:00:14]} Kb5 {[%clk 0:00:16]} 60. Kb3
{[%clk 0:00:14]} Rh3+ {[%clk 0:00:17]} 61. Kb2 {[%clk 0:00:15]} b3
{[%clk 0:00:17]} 62. Kc1 {[%clk 0:00:17]} Kb4 {[%clk 0:00:18]} 63. Kd2
{[%clk 0:00:18]} b2 {[%clk 0:00:18]} 64. Kc2 {[%clk 0:00:19]} Rh2+
{[%clk 0:00:18]} 65. Kb1 {[%clk 0:00:20]} Rh1+ {[%clk 0:00:19]} 66. Kxb2
{[%clk 0:00:21]} Rh2+ {[%clk 0:00:19]} 67. Kc1 {[%clk 0:00:22]} Kb3
{[%clk 0:00:19]} 68. Kd1 {[%clk 0:00:23]} Kc3 {[%clk 0:00:20]} 69. Ke1
{[%clk 0:00:24]} Ra2 {[%clk 0:00:21]} 70. Kd1 {[%clk 0:00:25]} Rc2
{[%clk 0:00:18]} 71. Ke1 {[%clk 0:00:24]} Kd3 {[%clk 0:00:18]} 72. Kd1
{[%clk 0:00:25]} Rh2 {[%clk 0:00:13]} 73. Ke1 {[%clk 0:00:25]} Rh8
{[%clk 0:00:12]} 74. Kf1 {[%clk 0:00:25]} Re8 {[%clk 0:00:12]} 75. Kf2
{[%clk 0:00:25]} Rf8+ {[%clk 0:00:13]} 76. Kg3 {[%clk 0:00:23]} Ke4
{[%clk 0:00:14]} 77. Kg4 Rg8+ 78. Kh5 {[%clk 0:00:24]} Kf4 {[%clk 0:00:16]} 79.
Kh6 {[%clk 0:00:24]} Kf5 {[%clk 0:00:17]} 80. Kh7 {[%clk 0:00:25]} Rg1 81. Kh6
{[%clk 0:00:24]} Rg2 {[%clk 0:00:14]} 82. Kh7 {[%clk 0:00:23]} Kf6
{[%clk 0:00:15]} 83. Kh8 {[%clk 0:00:24]} Kf7 {[%clk 0:00:15]} 0-1

[Event "C10"]
[Site "?"]
[Date "2020.08.30"]
[Round "13.2"]
[White "Lecki, Leonard"]
[Black "Hartlinski, Tomasz"]
[Result "1-0"]
[BlackElo "1124"]
[WhiteElo "1068"]
[LiveChessVersion "1.4.8"]

1. e4 {[%clk 0:03:02]} c5 {[%clk 0:03:04]} 2. Nf3 {[%clk 0:03:03]} e6
{[%clk 0:03:05]} 3. d4 {[%clk 0:03:03]} cxd4 {[%clk 0:03:05]} 4. Nxd4
{[%clk 0:03:04]} Nc6 {[%clk 0:03:07]} 5. Nc3 {[%clk 0:03:04]} Nf6
{[%clk 0:03:07]} 6. Be3 {[%clk 0:03:00]} Bb4 {[%clk 0:03:05]} 7. f3
{[%clk 0:02:59]} O-O {[%clk 0:03:05]} 8. a3 {[%clk 0:02:57]} Be7 {[%clk 0:03:04]}
9. Bc4 {[%clk 0:02:55]} Ne5 {[%clk 0:02:56]} 10. Ba2 {[%clk 0:02:54]} Nc6
{[%clk 0:02:37]} 11. Qd2 {[%clk 0:02:52]} Qc7 {[%clk 0:02:17]} 12. O-O-O
{[%clk 0:02:42]} a6 {[%clk 0:01:53]} 13. g4 {[%clk 0:02:41]} Ne8 {[%clk 0:01:23]}
14. h4 {[%clk 0:02:38]} Ne5 {[%clk 0:01:09]} 15. Rdg1 {[%clk 0:02:27]} Bc5
{[%clk 0:01:09]} 16. Rh3 {[%clk 0:02:23]} Ng6 {[%clk 0:00:51]} 17. h5
{[%clk 0:02:20]} Ne7 {[%clk 0:00:52]} 18. g5 {[%clk 0:02:17]} Kh8
{[%clk 0:00:18]} 19. g6 {[%clk 0:02:04]} fxg6 {[%clk 0:00:18]} 20. hxg6
{[%clk 0:02:04]} h6 {[%clk 0:00:16]} 21. Bxh6 {[%clk 0:01:59]} Kg8
{[%clk 0:00:17]} 22. Bxg7 {[%clk 0:01:15]} Nxg7 {[%clk 0:00:14]} 23. Qh6
{[%clk 0:01:15]} Qf4+ 24. Qxf4 {[%clk 0:01:11]} Rxf4 {[%clk 0:00:15]} 25. Rgh1
{[%clk 0:01:05]} Nxg6 {[%clk 0:00:14]} 26. Nb3 {[%clk 0:01:01]} Be3+
{[%clk 0:00:15]} 27. Kd1 {[%clk 0:01:02]} Kf7 {[%clk 0:00:15]} 28. Ke2
{[%clk 0:01:03]} Ba7 {[%clk 0:00:15]} 29. Nd2 {[%clk 0:01:01]} d6
{[%clk 0:00:13]} 30. Rh7 {[%clk 0:00:57]} Bd7 {[%clk 0:00:13]} 31. Nf1
{[%clk 0:00:54]} Bb5+ {[%clk 0:00:13]} 32. Ke1 {[%clk 0:00:52]} Bxf1
{[%clk 0:00:13]} 33. Rxf1 {[%clk 0:00:51]} Ne5 {[%clk 0:00:09]} 34. Rfh1
{[%clk 0:00:45]} Nxf3+ {[%clk 0:00:10]} 35. Kd1 {[%clk 0:00:45]} Ng5
{[%clk 0:00:10]} 36. R7h2 {[%clk 0:00:41]} Nxe4 {[%clk 0:00:09]} 37. Nxe4
{[%clk 0:00:41]} Rxe4 {[%clk 0:00:10]} 38. Rg2 {[%clk 0:00:41]} Rd4+
{[%clk 0:00:10]} 39. Kc1 {[%clk 0:00:42]} Rc8 {[%clk 0:00:08]} 40. Rh7
{[%clk 0:00:42]} Rg8 {[%clk 0:00:08]} 41. Bxe6+ {[%clk 0:00:34]} Kxe6
{[%clk 0:00:08]} 42. Rhxg7 {[%clk 0:00:33]} Rxg7 {[%clk 0:00:10]} 43. Rxg7
{[%clk 0:00:33]} Rf4 {[%clk 0:00:07]} 44. Rxb7 {[%clk 0:00:32]} Be3+
{[%clk 0:00:07]} 45. Kb1 {[%clk 0:00:34]} Rf1+ {[%clk 0:00:08]} 46. Ka2
{[%clk 0:00:35]} Rf3 {[%clk 0:00:07]} 1-0